• 首页
  • 本馆介绍
  • 公告通知
  • 最新文献
  • 馆藏检索
  • 电子资源
  • 读者导购
  • 参考咨询
  • 我的图书馆
  • 登录
  • 详细信息显示
  • 放入我的书架
  • 预约/预借图书
  • 作者相关作品
  • 分类相关作品
  • 丛书相关作品
  • 出版社相关作品

书目信息

  • 表格格式
  • 工作单格式
  • 卡片格式
题名:
十五至十九世纪的西苏丹
    
 
作者: 奥耳迭罗格 著 ;上海新闻出版系统“五·七”干校翻译组 译
分册:  
出版信息: 上海   上海人民出版社  1973.3
页数: 412页
开本: 20cm
丛书名:
单 册:
中图分类: K430.7
科图分类:
主题词: 西非--历史
电子资源:
ISBN:
000 01033nam0 2200253 45
001 0212180805
005 20031219104102.5
010    @dCNY1.
091    @a11171.20
100    @a20021218d1973 km y0chiy0120 ea
101 0  @achi
105    @ah z 000yy
200 1  @a十五至十九世纪的西苏丹@AShi Wu Zhi Shi Jiu Shi Ji De Xi Su Dan@e历史和文化史散论@ELi Shi He Wen Hua Shi San Lun@f(苏)德·亚·奥耳迭罗格著@F(Su)De·Ya·Ao Er Die Luo Ge Zhu@g上海新闻出版系统“五·七”干校翻译组译
210    @a上海@c上海人民出版社@d1973.3
215    @a412页@d20cm@c附图:摹真
300    @a附录1:人名索引,附录2:地理、民族、语言名称索引
300    @a本书是供内部参考用的,写文章引用时务请核对原文,并在注明出处时用原著版本。
517    @a历史和文化史散论@ALi Shi He Wen Hua Shi San Lun
606 0  @a西非@x历史
690    @aK430.7@v3
701  0 @a奥耳迭罗格@4著
711 02 @a上海新闻出版系统“五·七”干校翻译组@AShang Hai Xin Wen Chu Ban Xi Tong“Wu·Qi”Gan Xiao Fan Yi Zu@4译
801    @aCN@bTSTC@c20021218
905    @b219156@dK430.7@e6:2@f1
    
    十五至十九世纪的西苏丹:历史和文化史散论/(苏)德·亚·奥耳迭罗格著/上海新闻出版系统“五·七”干校翻译组译.-上海:上海人民出版社,1973.3
    412页;20cm:附图:摹真
    附录1:人名索引,附录2:地理、民族、语言名称索引.-本书是供内部参考用的,写文章引用时务请核对原文,并在注明出处时用原著版本。
    
    ISBN :CNY1.
    
●
相关链接 在E读中查询图书 在五车中查询图书 在当当中查询图书 在豆瓣中查询图书


正题名:十五至十九世纪的西苏丹     索取号:K430.7/6:2         预约/预借

序号 登录号 条形码 馆藏地/架位号 状态 备注
1 0219156   001749861   第二样本阅览室/ [索取号:K430.7/6:2] 在馆    
唐山师范学院图书馆 欢迎您!
大连网信软件有限公司© 版权所有